000 00467nam a2200193Ia 4500
005 20240823053727.0
008 240823s9999||||xx |||||||||||||| ||und||
020 _a81-259-1072-7
041 _aENGLISH
082 _A621.3192 P2
100 _aSivanandam S N
245 0 _aElectric Circuit Analysis
250 _a1st
260 _c2002
_bVikas Publishing
500 _aYES
650 _aElectric Circuit Analysis
_bElectrical
942 _cBK
999 _c224813
_d224813